000 00495nam a22001697a 4500
003 OSt
005 20251118133510.0
008 251118b |||||||| |||| 00| 0 eng d
040 _aDWCL-Main lib
_cOC
082 _aGr.170 C738m 2000
100 _aComposta Dario
245 _aMoral philosophy and social ethics
_cComposta Dario
260 _aBangalore, India :
_bTheological Publications in India,
_cc2000.
300 _ax, 222 pages ;
_c21 cm.
650 _21. Ethics
942 _2ddc
_cGR
_kGr.
_n0
999 _c5802
_d5802